| 000 | 01217nac a22003137a 4500 | ||
|---|---|---|---|
| 001 | BR8806143 | ||
| 003 | BR-BrBNA | ||
| 005 | 20240105120842.0 | ||
| 008 | 230509b bl.|||m| |||| 00| 0 por d | ||
| 040 |
_aBR-BrBNA _bpor _cBiblioteca Nacional de Agricultura |
||
| 072 | _aE16; E10; E14 | ||
| 090 | _aE16 BR8806143 | ||
| 100 | 1 | _aDoraswamy, G. | |
| 100 | 1 | _aPorto, E.R. | |
| 100 | 1 | _aCerqueira, P.R.S. | |
| 110 | 1 | _aCentro de Pesquisa Agropecuaria do Tropico Semi-Arido, Petrolina, PE (Brasil) | |
| 245 | 1 | _aAvaliacao economica de tecnologia em sistemas integrados de producao de pequenas propriedades agricolas: um estudo de caso [Ouricuri, Pernambuco] | |
| 246 | 1 | _a[Economical evaluation of technologies in integrated production systems of small agricultural properties: a study] | |
| 260 | 3 |
_aPetrolina, PE (Brasil): _c1985. |
|
| 300 | _a88 p. | ||
| 490 |
_aDocumentos - Centro de Pesquisa Agropecuaria do Tropico Semi-Arido (Brazil) _vno. 41 _xISSN 0100-9729 |
||
| 650 | _aPEQUENO PRODUTOR | ||
| 650 | _aSISTEMA DE PRODUCAO | ||
| 650 | _aANALISE ECONOMICA | ||
| 650 | _aADOCAO DE INOVACOES | ||
| 650 | _aOURICURI | ||
| 909 |
_a202312 _bLúcia Elande _c55 _dLúcia Elande |
||
| 942 |
_2AGRIS _n0 _cMS |
||
| 999 |
_c281789 _d281789 |
||